000 00360nam a2200109Ia 4500
008 221009s9999 xx 000 0 und d
082 _a001
100 _aडॉ शादाब अहमद सिददीकी
_931587
245 0 _aमध्‍यप्रदेश सम्‍पूर्ण अध्‍ययन
260 _bउपकार
942 _cBK
999 _c65124
_d65124